ប្រព័ន្ធកសិកម្មចំរុះ (Record no. 9557)

000 -LEADER
fixed length control field 00285nam a22001217a 4500
040 ## - CATALOGING SOURCE
Transcribing agency SY
082 ## - DEWEY DECIMAL CLASSIFICATION NUMBER
Classification number 338
100 ## - MAIN ENTRY--AUTHOR NAME
Personal name នាង សុឃន
245 ## - TITLE STATEMENT
Title ប្រព័ន្ធកសិកម្មចំរុះ
260 ## - PUBLICATION, DISTRIBUTION, ETC. (IMPRINT)
Place of publication RUA
Name of publisher នាង
Year of publication 2011
300 ## - PHYSICAL DESCRIPTION
Number of Pages 56p.
942 ## - ADDED ENTRY ELEMENTS (KOHA)
Koha item type សៀវភៅភាសាខ្មែរ
952 ## - LOCATION AND ITEM INFORMATION (KOHA)
Withdrawn status [LOCAL, KOHA] 0
Holdings
Permanent Location Date acquired Koha item type Lost status Shelving location Barcode Current Location Full call number
Library Block C2016-09-05សៀវភៅភាសាខ្មែរ C079RUA045242Library Block B338 នាង 2011 C079
មជ្ឈមណ្ឌលឯការនៃសាកលវិទ្យាល័យភូមិន្ទកសិកម្មចំការដូង

Powered by Koha